Linear algebra : (Record no. 981)
[ view plain ]
| 000 -LEADER | |
|---|---|
| fixed length control field | 01219nam a2200325 4500 |
| 001 - CONTROL NUMBER | |
| control field | 12955865 |
| 005 - DATE AND TIME OF LATEST TRANSACTION | |
| control field | 20141028105236.0 |
| 007 - PHYSICAL DESCRIPTION FIXED FIELD--GENERAL INFORMATION | |
| fixed length control field | 000 |
| 008 - FIXED-LENGTH DATA ELEMENTS--GENERAL INFORMATION | |
| fixed length control field | 000 |
| 010 ## - LIBRARY OF CONGRESS CONTROL NUMBER | |
| LC control number | 2002113976 |
| 020 ## - INTERNATIONAL STANDARD BOOK NUMBER | |
| International Standard Book Number | 0534409156 (student ed. : acidfree paper) |
| International Standard Book Number | 0534420885 (CDROM) |
| 035 ## - SYSTEM CONTROL NUMBER | |
| System control number | (DLC) 2002113976 |
| 040 ## - CATALOGING SOURCE | |
| Original cataloging agency | UOEL |
| Transcribing agency | DLC |
| Modifying agency | DLC |
| 042 ## - AUTHENTICATION CODE | |
| Authentication code | pcc |
| 050 00 - LIBRARY OF CONGRESS CALL NUMBER | |
| Classification number | QA184.2 |
| Item number | .J34 2004 |
| 082 00 - DEWEY DECIMAL CLASSIFICATION NUMBER | |
| Classification number | 512/.5 |
| Edition number | 22 |
| 100 1# - MAIN ENTRY--PERSONAL NAME | |
| Personal name | Jain, S. K. |
| Fuller form of name | (Surender Kumar), |
| Dates associated with a name | 1938- |
| 245 10 - TITLE STATEMENT | |
| Title | Linear algebra : |
| Remainder of title | an interactive approach / |
| Statement of responsibility, etc | S.K. Jain, A.D. Gunawardena. |
| 260 ## - PUBLICATION, DISTRIBUTION, ETC. (IMPRINT) | |
| Place of publication, distribution, etc | Belmont, CA : |
| Name of publisher, distributor, etc | Thompson-Brooks/Cole, |
| Date of publication, distribution, etc | c2004. |
| 300 ## - PHYSICAL DESCRIPTION | |
| Extent | xiv, 418 p. : |
| Other physical details | ill. (some col.) ; |
| Dimensions | 25 cm. + |
| Accompanying material | 1 CD-ROM (4 3/4 in.) |
| 500 ## - GENERAL NOTE | |
| General note | Includes index. |
| 538 ## - SYSTEM DETAILS NOTE | |
| System details note | System requirements for accompanying CD-ROM: Microsoft Windows 98 and higher. |
| 650 #0 - SUBJECT ADDED ENTRY--TOPICAL TERM | |
| Topical term or geographic name as entry element | Algebras, Linear. |
| General subdivision | Mathematics |
| 700 1# - ADDED ENTRY--PERSONAL NAME | |
| Personal name | Gunawardena, Ananda. |
| 856 41 - ELECTRONIC LOCATION AND ACCESS | |
| Materials specified | Table of contents |
| Uniform Resource Identifier | <a href="http://www.loc.gov/catdir/toc/fy051/2002113976.html">http://www.loc.gov/catdir/toc/fy051/2002113976.html</a> |
| 906 ## - LOCAL DATA ELEMENT F, LDF (RLIN) | |
| a | 7 |
| b | cbc |
| c | orignew |
| d | 3 |
| e | epcn |
| f | 20 |
| g | y-gencatlg |
| 942 ## - ADDED ENTRY ELEMENTS (KOHA) | |
| Source of classification or shelving scheme | Library of Congress Classification |
| Item type | Short Loan for 1 day |
| Withdrawn status | Lost status | Source of classification or shelving scheme | Damaged status | Not for loan | Home library | Current library | Shelving location | Date acquired | Total Checkouts | Full call number | Barcode | Date last seen | Date last borrowed | Copy number | Price effective from | Koha item type |
|---|---|---|---|---|---|---|---|---|---|---|---|---|---|---|---|---|
| Library of Congress Classification | UOE Main Library | UOE Main Library | Short Loan Area | 28/10/2014 | 9 | QA184.2 .J34 2004 | 20137239 | 27/04/2026 | 18/10/2018 | 20137239 | 28/10/2014 | Short Loan for 1 day | ||||
| Library of Congress Classification | UOE Main Library | UOE Main Library | Short Loan Area | 28/10/2014 | 13 | QA184.2 .J34 2004 | 20137237 | 27/04/2026 | 29/03/2022 | 20137237 | 28/10/2014 | Short Loan for 1 day | ||||
| Library of Congress Classification | UOE Main Library | UOE Main Library | Short Loan Area | 28/10/2014 | 5 | QA184.2 .J34 2004 | 20137236 | 27/04/2026 | 19/05/2017 | 20137236 | 28/10/2014 | Short Loan for 1 day | ||||
| Library of Congress Classification | UOE Main Library | UOE Main Library | Open shelf | 11/05/2015 | 2 | QA184.2 .J34 2004 | 20137238 | 27/04/2026 | 16/12/2016 | 20137238 | 11/05/2015 | Loan - Normal on open shelf | ||||
| Library of Congress Classification | UOE Town Campus | UOE Town Campus | Short Loan Area | 04/05/2015 | QA184.2 .J34 2004 | 20137235 | 04/05/2015 | 20137235 | 04/05/2015 | Short Loan for 1 day |
